000
003180000a22001450004500
005
20120302054458.0
942
_c
BOOK
245
_a
Kalyan Anka:Varsha 46-Sri Raamaaga
260
_a
Gorakhpur:Geeta,1972.
300
_a
700p.
040
_a
HIN
650
_a
Sankirna
650
_a
Maaasik-Kalyan
650
_a
Maasik
999
_c
345742
_d
345739